| 000 | 00922nam a2200289 a 4500 | ||
|---|---|---|---|
| 001 | 50127 | ||
| 003 | BD-RjUL | ||
| 005 | 20211209075449.0 | ||
| 008 | 160823s1977 maua b 001 0 eng | ||
| 035 | _a(BD-RjUL)50247 | ||
| 040 |
_aDLC _cDLC _dm.c _beng |
||
| 041 | _aeng | ||
| 082 |
_a382 _bCAW 1977 |
||
| 100 | 1 |
_aCaves, Richard E. _9134489 |
|
| 245 | 1 | 0 |
_aWorld trade and payments : _ban introduction / _cRichard E. Caves, Ronald W. Jones. |
| 250 | _a2nd ed. | ||
| 260 |
_aBoston : _bLittle, Brown, _c1977 |
||
| 300 |
_axv, 470 p. : _bill. ; _c24 cm. |
||
| 504 | _aIncludes bibliographies and index | ||
| 650 | 0 |
_aCommerce _xMathematical models. _9150226 |
|
| 650 | 0 |
_aCommercial policy. _9150227 |
|
| 650 | 0 |
_aInternational trade. _9150228 |
|
| 650 | 0 |
_aBalance of payments. _9133927 |
|
| 700 | 1 |
_aJones, Ronald Winthrop, _d1931- _9150229 |
|
| 830 | 0 |
_aLittle, Brown series in economics _9150249 |
|
| 942 |
_2ddc _cBK |
||
| 999 |
_c50127 _d50127 |
||